Planning : (Record no. 549004)
[ view plain ]
| 000 -LEADER | |
|---|---|
| fixed length control field | 00567cam a22001811 4500 |
| 020 ## - INTERNATIONAL STANDARD BOOK NUMBER | |
| International Standard Book Number | 0408002263 |
| 082 ## - DEWEY DECIMAL CLASSIFICATION NUMBER | |
| Classification number | 691.004 |
| Author Mark | PLA |
| -- | L-14, P-118 |
| 100 ## - MAIN ENTRY--PERSONAL NAME | |
| Personal name | Mills, Edward D. |
| 9 (RLIN) | 45497 |
| 245 00 - TITLE STATEMENT | |
| Title | Planning : |
| Remainder of title | buildings for habitation, commerce and industry / |
| Statement of responsibility, etc. | edited by Edward D. Mills. |
| 250 ## - EDITION STATEMENT | |
| Edition statement | 9th ed. |
| 260 ## - PUBLICATION, DISTRIBUTION, ETC. | |
| Place of publication, distribution, etc. | London : |
| -- | Boston : |
| Name of publisher, distributor, etc. | Newnes-Butterworths, |
| Date of publication, distribution, etc. | 1976. |
| 300 ## - PHYSICAL DESCRIPTION | |
| Extent | various pages : |
| Other physical details | ill. ; |
| 526 ## - STUDY PROGRAM INFORMATION NOTE | |
| Program name | 0 |
| Interest level | 0 |
| Reading level | 0 |
| Title point value | 691_004000000000000_PLA |
| 650 #0 - SUBJECT ADDED ENTRY--TOPICAL TERM | |
| Topical term or geographic name entry element | Building |
| 650 #0 - SUBJECT ADDED ENTRY--TOPICAL TERM | |
| Topical term or geographic name entry element | MCE |
| 9 (RLIN) | 379 |
| 700 1# - ADDED ENTRY--PERSONAL NAME | |
| Personal name | Mills, Edward David. |
| 9 (RLIN) | 45498 |
| 942 ## - ADDED ENTRY ELEMENTS (KOHA) | |
| Source of classification or shelving scheme | |
| Koha item type | Book |
| Withdrawn status | Lost status | Source of classification or shelving scheme | Damaged status | Not for loan | Permanent Location | Current Location | Date acquired | Total Checkouts | Full call number | Barcode | Date last seen | Price effective from | Koha item type |
|---|---|---|---|---|---|---|---|---|---|---|---|---|---|
| Military College of Engineering (MCE) | Military College of Engineering (MCE) | 09/12/2014 | 691.004 PLA | MCE-6995 | 09/12/2014 | 09/12/2014 | Book |
